1703 1399 1798 1993 1089 1851 1180 1000 1140 1310 1145 1786 1673 1211 1502 1649 1279 1455 1174 1337 1253 1836 1700 1316 1547 1338 1832 1581 1474 1253 1121 1180 1949 1478 1083 1387 1003 1771 1058 1543 1714 1297 1005 1050 1670 1455 1204 1191 1271 1277 1485 1691 1888 1191 1549 1551 1616 1809 1726 1100 1162 1187 1190 1520 1048 1817 1462 1022 1970 1295 1948 1782 1695 1184 1450 1818 1840 1980 1384 1492 1298 1968 1816 1109 1203 1304 1251 1714 1677 1368 1182 1741 1190 1051 1220 1008 1851 1278 1965 BCNSPRNW ULIB Ver.6.0+V

เปลี่ยนเป็นภาษาไทย

Change to English
 แสดงรายละเอียดบรรณานุกรม
  กลับหน้าหลัก

Brief Record : Get Marc (ISO 2709) : E-mail record : QR code < ปิดหน้าต่าง
LEADER : 00000nam 2200000uu 4500
001    13399108824
003     ULIB
008    110315s2552||||th 000 0 tha d
020    9786167287027
060 04 W84^bช576ค
245 00 คู่มือทักษะการสื่อสารสำหรับพยาบาลและนักเรียนพยาบาล /^cบรรณาธิการ ชิษณุ พันธุ์เจริญ, จรุงจิตร์ งามไพบูลย์
246 34 คู่มือทักษะการสื่อสารสำหรับพยาบาลและนักเรียนพยาบาล :^bฉบับพกพา
250    พิมพ์ครั้งที่ 2
260    กรุงเทพฯ :^bศูนย์ฝึกอบรมทักษะการสื่อสาร ฝ่ายกุมารเวชศาสตร์โรงพยาบาลจุฬาลงกรณ์,^c2556
300    208 หน้า :^bภาพประกอบ ;^c19 ซม.
650  7 การสื่อสารทางการพยาบาล^vคู่มือ
700 0  ชิษณุ พันธุ์เจริญ,^eบรรณาธิการ
700 0  จรุงจิตร์ งามไพบูลย์,^eบรรณาธิการ
710 2  โรงพยาบาลจุฬาลงกรณ์. ^bฝ่ายกุมารเวชศาสตร์.^bศูนย์ฝึกอบรมทักษะการสื่อสาร
945    ^p90^l0^i029451
945    ^p90^l0^i029449
945    ^p90^l0^i029448
945    ^p90^l0^i029447
945    ^p90^l0^i029446
945    ^p90^l0^i027259
945    ^p90^l0^i029450
945    ^p90^l0^i029445
945    ^p90^l0^i039756
945    ^p90^l0^i039757
995    ทศพร
999 ^a ใช้งานได้ทุกระบบ
รายการนี้ยังไม่มีแท็ก
คุณยังไม่ได้ล็อกอิน คุณสามารถมีกิจกรรมร่วมกับเว็บไซต์ได้ แต่ต้องล็อกอินก่อน ::
  ล็อกอิน

รายการสื่อสารสนเทศ

ลำดับที่ ประเภท เลขเรียก/บาร์โค้ด สถานที่ สถานะ
1. วิทยาศาสตร์การแพทย์ และสุขภาพ
วิทยาศาสตร์การแพทย์ และสุขภาพ
W84 ช576ค ฉ.10 
  Barcode: 039757
ห้องสมุดวิทยาเขตสวรรค์ประชารักษ์
►ส่วนจัดเก็บหนังสือเก่า สปร
บนชั้น
  ขอยืม
2. วิทยาศาสตร์การแพทย์ และสุขภาพ
วิทยาศาสตร์การแพทย์ และสุขภาพ
W84 ช576ค ฉ.9 
  Barcode: 039756
ห้องสมุดวิทยาเขตสวรรค์ประชารักษ์
►ส่วนจัดเก็บหนังสือเก่า สปร
บนชั้น
  ขอยืม

BibComment


ยังไม่เคยถูกคอมเมนท์

คอมเมนท์ทรัพยากรรายการนี้
  คอมเมนท์: คู่มือทักษะการสื่..


 Copyright 2026. Bcnsprnw @Library